UK Commercial Property Monitor (Record no. 122051)
[ view plain ]
| 000 -LEADER | |
|---|---|
| fixed length control field | 01424nam a22001937a 4500 |
| 008 - FIXED-LENGTH DATA ELEMENTS--GENERAL INFORMATION | |
| fixed length control field | 241101t2024 xxk|||||o|||| 00| 0 eng d |
| 041 ## - LANGUAGE CODE | |
| Language code of text/sound track or separate title | eng |
| 110 ## - MAIN ENTRY--CORPORATE NAME | |
| Corporate author | Royal Institution of Chartered Surveyors |
| 245 ## - TITLE STATEMENT | |
| Title | UK Commercial Property Monitor |
| Subtitle | Q2 2024 |
| Medium | [Electronic resource] |
| 260 ## - PUBLICATION INFORMATION | |
| Place of publication | London, |
| Publisher | Royal Institution of Chartered Surveyors, |
| Date | July 2024 |
| 490 ## - SERIES TITLE | |
| Series statement | RICS UK Commercial Property Monitor |
| Volume | Q2 2024 |
| 520 ## - ABSTRACT | |
| Abstract | The Q2 2024 RICS UK Commercial Property Monitor <br/>results are indicative of a relatively flat headline picture <br/>for the market. Illustrating this, measures capturing <br/>both occupier and investor demand remained largely <br/>stable. That said, the current feedback is at least a little <br/>more encouraging than was the case throughout much <br/>of 2023. Similar to last quarter, 34% of respondents are <br/>of the opinion that the market is at the bottom of the <br/>current cycle, while 41% sense conditions are consistent <br/>with the early stages of recovery (minimally changed <br/>compared to respective shares of 35% and 38% in the <br/>previous iteration of the survey). |
| 650 ## - KEYWORDS | |
| Keywords | COMMERCIAL PROPERTY |
| 651 ## - SUBJECT ADDED ENTRY--GEOGRAPHIC NAME | |
| Geographic name | United Kingdom |
| 690 ## - BROAD SUBJECT | |
| 9 (RLIN) | 6227 |
| Broad subject | Commercial property |
| 710 ## - ADDED CORPORATE NAME | |
| Added corporate author | Royal Institution of Chartered Surveyors |
| 856 ## - ONLINE RESOURCE | |
| Uniform Resource Identifier | <a href="https://www.rics.org/content/dam/ricsglobal/documents/market-surveys/Q2-2024-RICS-UK-Commercial-Property-Monitor.pdf">https://www.rics.org/content/dam/ricsglobal/documents/market-surveys/Q2-2024-RICS-UK-Commercial-Property-Monitor.pdf</a> |
| Public note | Available free on RICS.org |
| 942 ## - ADDED ENTRY ELEMENTS (KOHA) | |
| Suppress in OPAC | Do not suppress in OPAC |
| Lost status | Damaged status | Not for loan | Current library | Shelving location | Date acquired | Total Checkouts | Full call number | Date last seen | Price effective from | Koha item type |
|---|---|---|---|---|---|---|---|---|---|---|
| Virtual | Online | 01/11/2024 | PROPERTY MARKET DATA | 01/11/2024 | 01/11/2024 | Online material |